| 000 | 00549nam a2200181Ia 4500 | ||
|---|---|---|---|
| 008 | 090122s9999 xx 000 0 und d | ||
| 082 | _b11060 | ||
| 100 |
_aहोळकर _bप्रकाश |
||
| 245 | _aकोरडे नक्षत्र | ||
| 260 |
_bपॉप्युलर _c1997 |
||
| 300 | _a62 | ||
| 501 | _a"धामणस्कर, भेट" | ||
| 600 | _aहोळकर | ||
| 630 | _aकोरडे नक्षत्र | ||
| 700 | _aहोळकर | ||
| 730 | _aकोरडे नक्षत्र | ||
| 942 | _cBOOK | ||
| 999 |
_c35137 _d35137 |
||